Statistics for Lyrics to Hotel California - Eagles

Click here to take the quiz!

General Stats

  • This quiz has been taken 23 times
  • The average score is 32 of 56

Answer Stats

Number of words in answerAnswer% Correct
5 wordsOn a dark desert highway
100%
5 wordsCool wind in my hair
95%
5 wordsRising up through the air
91%
7 wordsI had to stop for the night
86%
5 wordsI heard the mission bell
86%
9 wordsThis could be heaven or this could be hell
86%
5 wordsUp ahead in the distance
86%
6 wordsAnd I was thinking to myself
82%
5 wordsI saw a shimmering light
82%
9 wordsMy head grew heavy and my sight grew dim
82%
4 wordssuch a lovely face
82%
4 wordssuch a lovely place
82%
4 wordsany time of year
77%
5 wordswelcome to the hotel california
77%
6 wordsThere she stood in the doorway
73%
4 wordsWarm smell of colitas
73%
7 wordsplenty of room at the hotel california
68%
6 wordsAnd she showed me the way
64%
6 wordsi thought I heard them say
64%
6 wordsThen she lit up a candle
64%
5 wordsyou can find it here
64%
5 wordsplease bring me my wine
59%
6 wordsso I called up the captain
59%
6 wordsthere were voices down the corridor
59%
10 wordshe said we havent had that spirit here since 1969
55%
4 wordsmirrors on the ceiling
55%
8 wordssome dance to remember some dance to forget
55%
3 wordssweet summer sweat
55%
5 wordsthe pink champagne on ice
55%
3 wordsbring your alibis
50%
5 wordsher mind is tiffany-twisted
50%
6 wordshow they dance in the courtyard
50%
5 wordsjust to hear them say
50%
5 wordsshe got the mercedes benz
50%
4 wordssuch a lovely face
50%
4 wordssuch a lovely place
50%
5 wordswelcome to the hotel california
50%
4 wordswhat a nice surprise
50%
9 wordsand still those voices are calling from far away
45%
5 wordsbut you can never leave
45%
4 wordsof our own device
45%
9 wordsand she said we are all just prisoners here
41%
7 wordsbut they just cant kill the beast
41%
7 wordsi had to find the passage back
41%
6 wordsi was running for the door
41%
4 wordslast thing i remember
41%
4 wordsrelax said the nightman
41%
6 wordsto the place i was before
41%
9 wordswake you up in the middle of the night
41%
7 wordsyou can check out anytime you like
41%
5 wordsand in the masters chambers
36%
7 wordsthey stab it with their steely knives
36%
5 wordsWe are programmed to receive
32%
12 wordsshe's got a lot of pretty pretty boys that she calls friends
27%
8 wordsthey living it up at the hotel california
27%
5 wordsthey gathered for their feast
14%

Score Distribution

Percentile by Number Answered

Percent of People with Each Score

Your Score History

You have not taken this quiz